<?xml version="1.0" encoding="UTF-8"?>
<record
    xmlns:xsi="http://www.w3.org/2001/XMLSchema-instance"
    xsi:schemaLocation="http://www.loc.gov/MARC21/slim http://www.loc.gov/standards/marcxml/schema/MARC21slim.xsd"
    xmlns="http://www.loc.gov/MARC21/slim">

  <leader>01599nam a22002657a 4500</leader>
  <controlfield tag="001">113628</controlfield>
  <controlfield tag="003">DR-UNIBE</controlfield>
  <controlfield tag="005">20250514110256.0</controlfield>
  <controlfield tag="008">250514b2025   xxu||||| |||| 00| 0 spa d</controlfield>
  <datafield tag="020" ind1=" " ind2=" ">
    <subfield code="a">9789945292978</subfield>
  </datafield>
  <datafield tag="040" ind1=" " ind2=" ">
    <subfield code="a">BIBLIOTECA UNIBE</subfield>
    <subfield code="c">BIBLIOTECA UNIBE</subfield>
    <subfield code="e">rda</subfield>
  </datafield>
  <datafield tag="041" ind1=" " ind2=" ">
    <subfield code="a">spa</subfield>
  </datafield>
  <datafield tag="082" ind1=" " ind2=" ">
    <subfield code="a">RD 523.12 V297a 2025</subfield>
  </datafield>
  <datafield tag="100" ind1="1" ind2=" ">
    <subfield code="a">Vargas L&#xF3;pez, Rafael Antonio</subfield>
    <subfield code="9">155718</subfield>
    <subfield code="e">autor</subfield>
  </datafield>
  <datafield tag="245" ind1="1" ind2="3">
    <subfield code="a">El abrazo de la eternidad :</subfield>
    <subfield code="b">danza con la singularidad /</subfield>
    <subfield code="c">Rafael Antonio Vargas L&#xF3;pez</subfield>
  </datafield>
  <datafield tag="250" ind1=" " ind2=" ">
    <subfield code="a">Segunda edici&#xF3;n</subfield>
  </datafield>
  <datafield tag="260" ind1=" " ind2=" ">
    <subfield code="a">Orlando :</subfield>
    <subfield code="b">Edici&#xF3;n de Bolsillo,</subfield>
    <subfield code="c">2025</subfield>
  </datafield>
  <datafield tag="300" ind1=" " ind2=" ">
    <subfield code="a">556 p&#xE1;ginas</subfield>
  </datafield>
  <datafield tag="505" ind1=" " ind2=" ">
    <subfield code="a">Cap&#xED;tulo 1. Raices de gratitud |
Cap&#xED;tulo 2. La conferencia mundial |
Cap&#xED;tulo 3. La vida de Rael |
Cap&#xED;tulo 4. El cielo de los elegidos |
Cap&#xED;tulo 5. El infierno interior |
Cap&#xED;tulo 6. La trascendencia infinita |
Cap&#xED;tulo 7. Los susurros de liana |
Cap&#xED;tulo 8. Los lazos que nos unen |
Cap&#xED;tulo 9. El espejo del alma |
Cap&#xED;tulo 10. La convergencia de los caminos |
Cap&#xED;tulo 11. Reflejos cu&#xE1;nticos del alma |
Capitulo 12. El l&#xE1;piz, el cristal y el beso |
Cap&#xED;tulo 13. El eco del atractor |
Capitulo 14. El enigma |
Capitulo 15. El laberinto de la mente |
Capitulo 16. La seducci&#xF3;n de la inmortalidad |
Capitulo 17. El presagio del enfrentamiento |
Capitulo 18. El &#xFA;ltimo reflejo |
Capitulo 19. El llamado de la eternidad |
Capitulo 20. La danza con la singularidad |
</subfield>
  </datafield>
  <datafield tag="650" ind1=" " ind2="7">
    <subfield code="2">lemb</subfield>
    <subfield code="a">Existencias</subfield>
    <subfield code="9">195332</subfield>
  </datafield>
  <datafield tag="650" ind1=" " ind2="7">
    <subfield code="2">lemb</subfield>
    <subfield code="a">Cosmolog&#xED;a</subfield>
  </datafield>
  <datafield tag="650" ind1=" " ind2="7">
    <subfield code="2">lemb</subfield>
    <subfield code="a">Literatura dominicana</subfield>
  </datafield>
  <datafield tag="650" ind1=" " ind2="7">
    <subfield code="2">lemb</subfield>
    <subfield code="a">Filosof&#xED;a</subfield>
  </datafield>
  <datafield tag="942" ind1=" " ind2=" ">
    <subfield code="2">ddc</subfield>
    <subfield code="c">BK</subfield>
  </datafield>
  <datafield tag="999" ind1=" " ind2=" ">
    <subfield code="c">113628</subfield>
    <subfield code="d">113628</subfield>
  </datafield>
  <datafield tag="952" ind1=" " ind2=" ">
    <subfield code="0">0</subfield>
    <subfield code="1">0</subfield>
    <subfield code="2">ddc</subfield>
    <subfield code="7">0</subfield>
    <subfield code="8">GEN</subfield>
    <subfield code="a">Principal</subfield>
    <subfield code="d">2025-05-14</subfield>
    <subfield code="l">0</subfield>
    <subfield code="o">RD 523.12 V297a 2025</subfield>
    <subfield code="p">250588</subfield>
    <subfield code="r">2025-05-14 11:03:40</subfield>
    <subfield code="t">Ej. 1</subfield>
    <subfield code="w">2025-05-14</subfield>
    <subfield code="y">BK</subfield>
  </datafield>
  <datafield tag="952" ind1=" " ind2=" ">
    <subfield code="0">0</subfield>
    <subfield code="1">0</subfield>
    <subfield code="2">ddc</subfield>
    <subfield code="7">0</subfield>
    <subfield code="8">GEN</subfield>
    <subfield code="a">Principal</subfield>
    <subfield code="d">2025-05-14</subfield>
    <subfield code="l">0</subfield>
    <subfield code="o">RD 523.12 V297a 2025</subfield>
    <subfield code="p">250589</subfield>
    <subfield code="r">2025-05-14 11:04:03</subfield>
    <subfield code="t">Ej.  2</subfield>
    <subfield code="w">2025-05-14</subfield>
    <subfield code="y">BK</subfield>
  </datafield>
</record>
